banner-ar

INSTITUTIONAL DESIGN IN NEW DEMOCRACIES: EASTERN EUROPE AND LATIN AMERICA / (Record no. 14014)

MARC details
000 -الفاتح
حقل البيانات ثابتة الطول 00622nam a2200217Ia 4500
008 - عناصر البيانات ثابتة الطول - معلومات عامة
حقل البيانات ثابتة الطول 140319s9999 xx 000 0 eng d
040 ## - مصدر الفهرسة
وكالة الفهرسة الأصلية GCL /
وكالة النسخ GCL
082 04 - رقم تصنيف ديوى العشرى
رقم التصنيف 324.6309049
رقم المادة L I
100 1# - المدخل الرئيسى - إسم شخصى
الإسم الشخصى LIJPHART, AREND
245 10 - بيان العنوان
العنوان INSTITUTIONAL DESIGN IN NEW DEMOCRACIES: EASTERN EUROPE AND LATIN AMERICA /
بيان المسئوليه,etc LIJPHART, AREND
700 1# - المدخل الاضافى - اسم شخصى
الإسم الشخصى WAISMAN, CARLOS H
260 ## - PUBLICATION, DISTRIBUTION, ETC. (IMPRINT)
تاريخ النشر أو التوزيع 1996
300 ## - الوصف المادى
التعداد 265 P
650 04 - المدخل الاضافى بالموضوع-مصطلح موضوعى
مصطلح موضوعي LATIN - AMERICA
650 04 - المدخل الاضافى بالموضوع-مصطلح موضوعى
مصطلح موضوعي EUROPE, CENTRAL
650 04 - المدخل الاضافى بالموضوع-مصطلح موضوعى
مصطلح موضوعي ECONOMIC POLICY
650 04 - المدخل الاضافى بالموضوع-مصطلح موضوعى
مصطلح موضوعي EUROPE, EASTERN
650 04 - المدخل الاضافى بالموضوع-مصطلح موضوعى
مصطلح موضوعي POLICY - GOVERNMENT
942 ## - عناصر المدخل الإضافي( كوها)
مصدر التصنيف او مخطط الترفيف Dewey Decimal Classification
Koha [default] item type كتاب
260 ## - PUBLICATION, DISTRIBUTION, ETC. (IMPRINT)
-- [S.N] :
-- WESTVIEW PRESS ،
Holdings
حالة التراجع حالة الفقد حالة تلف ليس للاعارة المكان المؤقت الموقع الحالى تاريخ الاكتساب اجمالي اﻻعارات رقم الطلب الباركود تاريخ اخر مشاهدة تاريخ تفعيل السعر نوع وعاء كوها
        مكتبة القاهرة الكبرى مكتبة القاهرة الكبرى 03/26/2014   324.6309049\L I 26453 03/26/2014 03/26/2014 كتاب

Powered By

EGPV